Sborník vědeckých prací 47/1985/ Vysoká škola chemickotechnologická Pardubice

Salvato in:
Dettagli Bibliografici
Natura: Libro
Lingua:ceco
Pubblicazione: Praha Státní pedagogické nakladatelství 1985
Edizione:1. vyd.
Tags: Aggiungi Tag
Nessun Tag, puoi essere il primo ad aggiungerne!!

MARC

LEADER 00000nam a2200000 4500
001 c105093
005 20250827073252.9
041 0 |a cze 
044 |a CZ 
245 1 0 |a Sborník vědeckých prací 47/1985/  |b Vysoká škola chemickotechnologická Pardubice 
250 |a 1. vyd. 
264 1 |a Praha  |b Státní pedagogické nakladatelství  |c 1985 
300 |a 299 s.